000 00488nam a2200181Ia 4500
008 131103s9999 xx 000 0 und d
040 _aLoreto College
041 _aEnglish
082 _a954/HIB
_bLCBED/4120
100 _aHibbert, Christopher
245 4 _aThe great mutiny
_cChristopher Hibbert
260 _aLondon
_bPenguin
_c1980
300 _a472p.
_c 22cm.
504 _aIncludes index and bibliography
650 _aHistory - India
850 _aLCBED/954/HIB
942 _cBK
999 _c28512
_d78991